000 00723nam a2200253Ia 4500
003 OSt
005 20220928101800.0
006 a|||||r|||| 00| 0
007 ta
008 220927b |||||||| |||| 00| 0 eng d
020 _c200
024 _a111421
037 _b12826, 10/12/2010, Kitab Ghar
_cTextual
040 _aSDCL
_cSDCL
_beng
041 _2eng
_aeng
082 _aDelta2y7M63, Q0
100 _aSwami Vivekanand
_9393039
245 0 _aPatra, bhashan aur vichar.
260 _aHapudh
_bKavya Prakashan
_c2010
300 _a126p.
_ccm.
650 _aHindi
_9391598
942 _hDelta2y7M63, Q0
_cTEXL
_2CC
999 _c710726
_d710726